Arrêts de la ligne 45 de Lyon (TCL) - Statistiques

Statistiques générales
  • Ce quiz a été pris 21 fois
  • Le résultat moyen est 18 sur 33
Statistiques - réponses
Arrondissement Arrêt % Correct
Lyon 1er/4e Croix-Rousse
100%
Lyon 9e Gorge de Loup
93%
Lyon 5e Point du Jour
93%
Lyon 9e Champvert
86%
Lyon 5e Valdo
86%
Lyon 5e Champvert - Les Massues
64%
Lyon 5e Frère Benoît
64%
Lyon 9e La Vallonière
64%
Lyon 9e Montribloud
64%
Lyon 5e (dir. Croix-Rousse) 4 Chemins La Salette
57%
Lyon 4e Les Esses
57%
Lyon 5e Lycée Branly
57%
Lyon 4e Mairie du 4eme
57%
Lyon 9e Pont Mouton
57%
Lyon 5e (dir. Croix-Rousse) Charcot La Source
50%
Lyon 4e Clos Jouve
50%
Lyon 9e Église Demi-Lune
50%
Lyon 5e Henriette
50%
Lyon 5e Jeunet
50%
Lyon 9e Le VIsan
50%
Lyon 5e Parc de Champvert
50%
Lyon 9e Saint-Pierre de Vaise
50%
Lyon 9e Sergent Berthet
50%
Lyon 5e Théâtre Église Notre-Dame
50%
Lyon 5e Tourvielle
50%
Lyon 5e Fauconnet
43%
Lyon 5e Joconde
43%
Lyon 5e (dir. Croix-Rousse) François Genin
36%
Lyon 5e Invalides Hôpital P. Garraud
36%
Lyon 9e Pont Koenig RD
36%
Lyon 4e Quai Gillet
36%
Lyon 4e Serin - Saint Charles
36%
Lyon 9e Berthet - Loucheur
29%
Aucun quiz correspondant
Distribution des résultats
% des personnes avec chaque résultat
Percentile par nombre de réponses
Votre historique - résultats
Vous n’avez pas pris ce quiz